แสดงรายละเอียดบรรณานุกรม
  กลับหน้าหลัก

Brief Record : Get Marc (ISO 2709) : E-mail record : QR code ปิดหน้าต่าง
E-books : เกี่ยวกับ Collections
LEADER 00000nam 2200000uu 4500
001    214249
003     ULIBM
008    241024s||||||||th 000 0 tha d
020    ^a978-0-323-87049-8
040    ^abcnkk
041    ^aeng
060 04 ^aWY105^bL434 2023
245 10 ^aLeadership development for nurses and midwives /^ceditedby Gemma Stacey and Greta Westwood
250    ^a1st ed.
260    ^aAmsterdam:^bElsevier,^c2023
300    ^axiii, 151 p. :^bill. ;^c23 cm.
504    ^aIncludes bibliographical references and index
650  0 ^aEducation, Nursing, Continuing
650  0 ^aLeadership
650  2 ^aNurses Instruction
650  2 ^aNursing^xorganization & administration
650  2 ^aNursing, Supervisory
650  2 ^aNurse Midwives
700 1  ^aStacey, Gemma,^eed.
700 1  ^aWestwood, Greta,^eed.
710 2  ^aFlorence Nightingale Foundation
999    ^aใช้งานได้ทุกระบบ
รายการนี้ยังไม่มีแท็ก
คุณยังไม่ได้ล็อกอิน คุณสามารถมีกิจกรรมร่วมกับเว็บไซต์ได้ แต่ต้องล็อกอินก่อน ::
  ล็อกอิน
ลำดับที่ ประเภท เลขเรียก สถานที่ สถานะ
1. การพยาบาล (ตำราหลัก)
การพยาบาล (ตำราหลัก)
WY105 L434 2023 c.1 
  
การบริหารและพัฒนาวิชาชีพ On Shelf
  ขอยืม
Note:จัดซื้อปีงบประมาณ 2567
2. การพยาบาล (ตำราหลัก)
การพยาบาล (ตำราหลัก)
WY105 L434 2023 c.2 
  
การบริหารและพัฒนาวิชาชีพ On Shelf
  ขอยืม
Note:จัดซื้อปีงบ 2568
   [แสดง 2/2 รายการ]

รายการใกล้เคียง
    หัวเรื่อง [Leadership]
    หัวเรื่อง [Nurses Instruction]
    หัวเรื่อง [Nursing, Supervisory]
    หัวเรื่อง [Nurse Midwives]

BibComment


ยังไม่เคยถูกคอมเมนท์

คอมเมนท์ทรัพยากรรายการนี้
  คอมเมนท์: Leadership devel..
Bib 214249

 
 
 

 Union Library Management : ULibM
Copyright 2026. All Rights Reserved.
скачать бесплатно без регистрации порно красивый секс HD Sex Hindi sex

xxx gou

xxxx

bfxxx

xxxwww

Секса Видео

xxxx

Секса Видео

detube

geilexxx

C99 Shell

worms shell

blod xxx video
Ebony Coed Rihanna Rimes Takes A Dick In Her Young Twat priyaa indian fuck anal and pusssy hardcore indian women xxx desi hardcore fucking part 1 bengalixxxcouple